| 000 | 00477nam a2200145Ia 4500 | ||
|---|---|---|---|
| 008 | 170221s9999 xx 000 0 und d | ||
| 100 | _aRay M. Valadez | ||
| 245 | 4 | _aThe value proposition of small businesses: economic engines for job creation | |
| 245 | _cRay M. Valadez, Pepperdine University. | ||
| 260 | _bJournal of Management and Marketing Research | ||
| 260 | _c2016 | ||
| 300 | _a15 : | ||
| 650 | _xBusiness | ||
| 856 | _uhttp://www.aabri.com/manuscripts/111000.pdf | ||
| 999 |
_c311762 _d311762 |
||